The poems of Virgil / (Record no. 23194)
[ view plain ]
| 000 -LEADER | |
|---|---|
| fixed length control field | 00880cam a22002772 4500 |
| 001 - CONTROL NUMBER | |
| control field | 23194 |
| 003 - CONTROL NUMBER IDENTIFIER | |
| rucl marc code | BD-RjUL |
| 005 - DATE AND TIME OF LATEST TRANSACTION | |
| control field | 20211209000913.0 |
| 008 - FIXED-LENGTH DATA ELEMENTS--GENERAL INFORMATION | |
| fixed length control field | 140310r19511921enk 000 0 eng d |
| 035 ## - SYSTEM CONTROL NUMBER | |
| System control number | (BD-RjUL)23259 |
| 040 ## - CATALOGING SOURCE | |
| Original cataloging agency | ORC |
| Transcribing agency | ORC |
| Modifying agency | OCL |
| -- | EQO |
| -- | BD-RjUL |
| Language of cataloging | eng |
| 041 ## - LANGUAGE CODE | |
| Language code of text/sound track or separate title | eng |
| 082 04 - DEWEY DECIMAL CLASSIFICATION NUMBER | |
| Classification number | 873.1 |
| Author mark and year | VIP 1951 |
| 090 ## - LOCALLY ASSIGNED LC-TYPE CALL NUMBER (OCLC); LOCAL CALL NUMBER (OCLC) | |
| Classification number (OCLC) (R) ; Classification number, CALL (RLIN) (NR) | PA6807.A1 |
| Local cutter number (OCLC) ; Book number/undivided call number, CALL (RLIN) | R4 |
| 100 1# - MAIN ENTRY--PERSONAL NAME | |
| Personal name | Virgil, |
| 9 (RLIN) | 71496 |
| 245 14 - TITLE STATEMENT | |
| Title | The poems of Virgil / |
| Statement of responsibility, etc. | translated into English verse by James Rhoades. |
| 260 ## - PUBLICATION, DISTRIBUTION, ETC. (IMPRINT) | |
| Place of publication, distribution, etc. | London : |
| Name of publisher, distributor, etc. | Oxford University Press, |
| Date of publication, distribution, etc. | 1921 [reprented 1951]. |
| 300 ## - PHYSICAL DESCRIPTION | |
| Pagination | xi, 424 p. ; |
| Size | 16 cm. |
| 490 1# - SERIES STATEMENT | |
| Series statement | World's classics ; |
| Volume/sequential designation | 227 |
| 505 0# - FORMATTED CONTENTS NOTE | |
| Formatted contents note | The Aeneid -- The Georgics -- The Eclogues. |
| 650 1# - SUBJECT ADDED ENTRY--TOPICAL TERM | |
| Topical term or geographic name as entry element | Virgil -- Translations into English. |
| 9 (RLIN) | 71497 |
| 700 1# - ADDED ENTRY--PERSONAL NAME | |
| Personal name | Rhoades, James, |
| Dates associated with a name | 1841-1923. |
| 830 #0 - SERIES ADDED ENTRY--UNIFORM TITLE | |
| Volume number/sequential designation | 227 |
| 830 #0 - SERIES ADDED ENTRY--UNIFORM TITLE | |
| Uniform title | World's classics ; |
| 942 ## - ADDED ENTRY ELEMENTS (KOHA) | |
| Source of classification or shelving scheme | Dewey Decimal Classification |
| Koha item type | Books |
| Lost status | Source of classification or shelving scheme | Damaged status | Not for loan | Collection code | Permanent Location | Current Location | Shelving location | Date acquired | Source of acquisition | Cost, normal purchase price | Total Checkouts | Full call number | Date last seen | Copy number | Koha item type |
|---|---|---|---|---|---|---|---|---|---|---|---|---|---|---|---|
| Dewey Decimal Classification | Fiction | Central Library, University of Rajshahi | Central Library, University of Rajshahi | 25/10/1954 | O.U.P | 2.13 | 873.1 VIP 1951 | 10/03/2014 | C-2 | Books |